000 01170nam a2200277 i 4500
001 188814
003 SpMaBN
005 20250730063201.0
008 190215s1992 sp ah |||| |bspa d
020 _a84-604-3773-6
080 _a929:32 Parga y Puga, Jacobo María de
100 1 _aMeijide Pardo, Antonio
_979835
245 1 3 _aEl ilustrado, político y economista gallego Jacobo María de Parga y Puga (1774-1850) /
_cAntonio Meijide Pardo.
260 _a[La Coruña] :
_bFundación "Pedro Barrié de la Maza, Conde de Fenosa",
_c[1992]
300 _a164 p. :
_bil. ;
_c23 cm.
490 1 _aIlustrados, sociólogos y economistas gallegos
500 _aÍndice.
594 _aBibliografía: p. 147-153.
600 1 7 _aParga y Puga, Jacobo María de.
_9166336
710 2 _aFundación Pedro Barrié de la Maza, Conde de Fenosa
_9176439
830 0 0 _aIlustrados, sociólogos y economistas gallegos
_9193139
852 _aES-MaACL
_jA-14348
_9195948
_bR.151647
_cDEPO1
_dOlim: N-7348
_hDonación: Fundación Barrié
914 _aFundación Pedro Barrié de la Maza, Conde de Fenosa
_ednr
_9176439
942 _2udc
_cMONOGRAFIA
999 _c188814
_d188814